| 000 | 00611nam a2200193 a 4500 | ||
|---|---|---|---|
| 005 | 20140310183526.0 | ||
| 008 | 111108s19uu xx 00 eng d | ||
| 020 | _a9781905814855 | ||
| 050 |
_aTR 591 _b.N54 2010 |
||
| 100 | _aNightingale, David | ||
| 245 |
_aExtreme exposure : _badvanced techniques for creative digital photography / _cDavid Nightingale. |
||
| 260 |
_aEast Sussex : _bThe Ilex Press Limited, _c2010. |
||
| 300 |
_a144 p. : _bcol.ill. ; _c25 cm. |
||
| 521 | _aMA | ||
| 650 |
_aPhotography _xExposure |
||
| 650 |
_aPhotography _xDigital techniques |
||
| 942 |
_cBK _2lcc _kFOR |
||
| 999 |
_c24524 _d24524 |
||